Home Print Resources E-Books E-Journals IIMT Lecture Series Library Membership Form Book Recommendation Form Campus Tour Take AdmissionAbout Us Contact Us

VOGEL'S QUALITAIVE INORGANIC ANALYSIS (Record no. 49565)

000 -LEADER
fixed length control field nam a22 7a 4500
003 - CONTROL NUMBER IDENTIFIER
control field OSt
005 - DATE AND TIME OF LATEST TRANSACTION
control field 20200123104917.0
008 - FIXED-LENGTH DATA ELEMENTS--GENERAL INFORMATION
fixed length control field 200123b xxu||||| |||| 00| 0 eng d
040 ## - CATALOGING SOURCE
Transcribing agency IIMT UNIVERISTY MEERUT
Modifying agency SEROSOFT
082 ## - DEWEY DECIMAL CLASSIFICATION NUMBER
Classification number 615.19SVE
100 ## - MAIN ENTRY--PERSONAL NAME
Personal name SVEHLA G.
245 ## - TITLE STATEMENT
Title VOGEL'S QUALITAIVE INORGANIC ANALYSIS
Statement of responsibility, etc. AUTHOR
Medium ENGLISH
260 ## - PUBLICATION, DISTRIBUTION, ETC.
Place of publication, distribution, etc. PEARSON INDIA
Name of publisher, distributor, etc. 7TH ED.
300 ## - PHYSICAL DESCRIPTION
Extent PAPER BACK
Other physical details 372PP
700 ## - ADDED ENTRY--PERSONAL NAME
Personal name G.SVEHLA
760 ## - MAIN SERIES ENTRY
Edition 7TH2019
856 ## - ELECTRONIC LOCATION AND ACCESS
Materials specified PAPER BACK
942 ## - ADDED ENTRY ELEMENTS (KOHA)
Source of classification or shelving scheme
Koha item type Text-Book- for 7 days
Edition 7TH 2019
Holdings
Withdrawn status Lost status Source of classification or shelving scheme Damaged status Not for loan Home library Current library Date acquired Cost, normal purchase price Total Checkouts Full call number Barcode Date last seen Copy number Price effective from Koha item type
          IIMT University College of Medical Sciences IIMT University College of Medical Sciences 01/23/2020 669.00   615.19SVE 02-B-12121 01/23/2020 R 01/23/2020 Text-Book- for 7 days
IIMT, Central Library. All Rights Reserved IIMT,UNIVERSITY © 2023
Implemented and Customised by I CLOUDE EMS
You Are OPAC Visitor No
free web counter

Powered by Koha